| 000 | 00777nam a2200217 a 4500 | ||
|---|---|---|---|
| 001 | 000036697 | ||
| 005 | 20200930075859.0 | ||
| 008 | 090805s1971 ag a 001 0 spa d | ||
| 040 |
_aDO-SdBNP _bspa _cBNPHU |
||
| 082 |
_axxxx _bL781i |
||
| 100 | 1 |
_aLitton, Gaston _914830 |
|
| 245 | 1 | 3 |
_aLa información en la biblioteca moderna / _cGaston Litton. |
| 260 |
_aBuenos Aires : _bBowker Editores Argentina, _c1971. |
||
| 300 |
_a189 p. ; _c18 cm. |
||
| 440 | 0 |
_aBreviarios del bibliotecario _951142 |
|
| 500 | _aIncluye índice | ||
| 500 | _aA pie de portada: Centro Regional de Ayuda Técnica, Agencia para el Desarrollo Internacional, México, Buenos Aires. | ||
| 650 | 2 | 4 |
_aTrabajo bibliotecario _962985 |
| 650 | 2 | 4 |
_aBibliotecarios _962986 |
| 650 | 2 | 4 |
_aBibliotecología _952843 |
| 999 |
_c36188 _d36188 |
||